Normal view
MARC view
- Computers Information
Entry Topical Term
001 - CONTROL NUMBER
- control field: 886
003 - CONTROL NUMBER IDENTIFIER
- control field: JO-AjAnu
005 - DATE AND TIME OF LATEST TRANSACTION
- control field: 20230606070441.0
008 - FIXED-LENGTH DATA ELEMENTS
- fixed length control field: 230606|| aca||aabn | a|a d
040 ## - CATALOGING SOURCE
- Original cataloging agency: JO-AjAnu
- Transcribing agency: JO-AjAnu
150 ## - HEADING--TOPICAL TERM
- Topical term or geographic name entry element: Computers Information
670 ## - SOURCE DATA FOUND
- Source citation: Work cat.: (JO-AjAnu)467: Long,Nancy,Long,Larry, author 885, Computers Information Technology in Perspective